Laddar...

The Kerala industrial employment rules, 1958

Bibliografiska uppgifter
Institutionell upphovsman: Government of Kerala
Språk:English
LEADER 00408nam a22001217a 4500
005 20151215125438.0
008 091209t xxu||||| |||| 00| 0 eng d
082 |a Z  |b T95 
110 |a Government of Kerala  |9 6888 
245 |a The Kerala industrial employment rules, 1958 
942 |c BK  |6 _ 
999 |c 104250  |d 104250 
952 |0 0  |1 5  |2 ddc  |4 0  |6 Z_T95  |7 0  |9 131611  |a SMS  |b SMS  |c GEN  |d 2009-12-09  |o Z T95  |p SMS001014  |r 2009-12-09  |w 2009-12-09  |y WR